<?xml version="1.0" encoding="UTF-8"?>
<marc:record xmlns:marc="http://www.loc.gov/MARC21/slim">
   <marc:leader>00000nam a2200000 a 4500</marc:leader>
   <marc:datafield ind1="1" ind2=" " tag="100">
      <marc:subfield code="a">Krickelkrakels</marc:subfield>
      <marc:subfield code="4">aut</marc:subfield>
      <marc:subfield code="e">Verfasser/-in</marc:subfield>
   </marc:datafield>
   <marc:datafield ind1=" " ind2=" " tag="653">
      <marc:subfield code="a">Spaß</marc:subfield>
   </marc:datafield>
   <marc:datafield ind1=" " ind2=" " tag="653">
      <marc:subfield code="a">Bewegung</marc:subfield>
   </marc:datafield>
   <marc:datafield ind1=" " ind2=" " tag="653">
      <marc:subfield code="a">interaktiv</marc:subfield>
   </marc:datafield>
   <marc:datafield ind1="0" ind2="0" tag="245">
      <marc:subfield code="a">Das bewegte Buch</marc:subfield>
   </marc:datafield>
   <marc:datafield ind1=" " ind2="1" tag="264">
      <marc:subfield code="b">Oetinger</marc:subfield>
      <marc:subfield code="c">2011</marc:subfield>
   </marc:datafield>
   <marc:datafield ind1="1" ind2=" " tag="520">
      <marc:subfield code="a">Es handelt sich hier wirklich um ein Mitmach-Buch zum Drehen, Pusten, Klopfen und Blättern und so darf der eifrige Leser bereits auf der ersten Seite auf zwei Eier klopfen und erfährt sogleich auf den nächsten Seiten, wer daraus schlüpft. Nun darf kräftig mitgesungen werden, aber damit nicht genug: Kindliche (und erwachsene) Leser sollen quaken, küssen und pusten, das Buch will gedreht, gewendet, geneigt werden und immer wieder hält es Überraschungen bereit, mit denen man nicht gerechnet hat. Eine ganze Gruppe von Illustratoren - alias Krickelkrakels - haben sich da sehr viel einfallen lassen, um Spaß zu bereiten, um Kinder fürs Lesen und immer wieder Weiterlesen zu begeistern, um aufzuzeigen, dass Bücher nicht langweilig sein müssen und dass man mit wenig Text, viel Phantasie und einfachen, witzigen Bildern wunderbare Geschichten erzählen kann.</marc:subfield>
   </marc:datafield>
   <marc:datafield ind1=" " ind2=" " tag="020">
      <marc:subfield code="a">9783789166242</marc:subfield>
      <marc:subfield code="9">9783789166242</marc:subfield>
   </marc:datafield>
</marc:record>
